Pozornosť kvalitatívnym úlohám Zasadalo Predsedníctvo ÚV NF ČSSR

Bibliographic Details
Format: Article
Language:Slovak
Subjects:

MARC

LEADER 00000nab a2200000 a 4500
001 vtls000288414
003 SK-MaSNL
005 20260311224643.0
008 111201c1987 xo 0 slo
015 |a SNBRB19rr/mm-uuuuu 
035 |a CL0298532 
040 |a SNKBUCL  |b slo  |c SNKBUCL  |e AACR2 
041 0 |a slo 
044 |a xo  |c SK 
080 |a 329.71(437)  |2 1981 
245 0 0 |a Pozornosť kvalitatívnym úlohám  |b Zasadalo Predsedníctvo ÚV NF ČSSR 
610 2 7 |a Národný front (politické zoskupenie)  |2 snkbucl  |9 101503 
651 7 |a Československo  |2 snkbucl  |9 21376 
655 7 |a články z novín a časopisov  |2 snkbucl  |9 267496 
773 0 |t Pravda  |g Roč. 68, č. 219 (18. 9. 1987), s. 1 
850 |a Slovenská národná knižnica v Martine  |a MTA001 
852 |a SNK  |b KIS3GCP 
992 |a RBX 
999 |c 3261021  |d 3262951